Далекий колокол (Запись № 974921)

Подробности
000 -МАРКЕР
контрольное поле 01708nam0a2200313 4500
001 - ИДЕНТИФИКАТОР ЗАПИСИ
контрольное поле RU\NLR\bibl\474833
005 - ИДЕНТИФИКАТОР ВЕРСИИ
контрольное поле 20200706165447.0
010 ## - МЕЖДУНАРОДНЫЙ СТАНДАРТНЫЙ НОМЕР КНИГИ (ISBN)
Номер (ISBN) 5-87456-229-Х
Тираж 5000
035 ## - ДРУГИЕ СИСТЕМНЫЕ НОМЕРА
Идентификатор записи (NLR Aleph) 000467884
100 ## - ДАННЫЕ ОБЩЕЙ ОБРАБОТКИ
Данные общей обработки 20031222d2001 u y0rusy50 ca
101 0# - ЯЗЫК РЕСУРСА
Язык текста, звукозаписи и т.д. русский
102 ## - СТРАНА ПУБЛИКАЦИИ ИЛИ ПРОИЗВОДСТВА
Страна публикации Российская Федерация
105 ## - ПОЛЕ КОДИРОВАННЫХ ДАННЫХ: ТЕКСТОВЫЕ МАТЕРИАЛЫ, МОНОГРАФИЧЕСКИЕ
Кодированные данные о монографическом текстовом документе a |||||||||
200 1# - ЗАГЛАВИЕ И СВЕДЕНИЯ ОБ ОТВЕТСТВЕННОСТИ
Основное заглавие Далекий колокол
Сведения, относящиеся к заглавию Стихи, проза, письма читателей
Первые сведения об ответственности Анатолий Жигулин
Последующие сведения об ответственности [Вступ. ст. В.М. Акаткина]
210 ## - ПУБЛИКАЦИЯ, РАСПРОСТРАНЕНИЕ И ДР.
Место издания, распространения и т.д. Воронеж
Имя издателя, распространителя и т. д. Изд-во им. Е.А.Болховитинова
Дата издания, распространения и т.д. 2001
215 ## - ФИЗИЧЕСКАЯ ХАРАКТЕРИСТИКА
Специфическое обозначение материала и объем 695,[1] с., [1] л. портр.
Размеры 21
225 1# - СЕРИЯ
Основное заглавие серии Русская словесность XX века
Сведения об ответственности Ред. совет: ...О.Г. Ласунский (пред.) и др.
320 ## - ПРИМЕЧАНИЯ О НАЛИЧИИ В ДОКУМЕНТЕ БИБЛИОГРАФИИ / УКАЗАТЕЛЯ
Текст примечания Крат. библиогр.: с. 685-689
327 0# - ПРИМЕЧАНИЯ О СОДЕРЖАНИИ
Текст примечания Содерж.: Стихотворения: Циклы: Черный ворон, белый снег; Теплая зола; Еще о себе; Опять я подумал о Родине; Красные листья; Проза: Черные камни: Автобиогр. повесть; Урановая удочка: Воспоминания смертника; Обломки "Черных камней": Крат. заметки; Рассказы; Вокруг "Черных камней" и др.
686 ## - ИНДЕКСЫ ДРУГИХ КЛАССИФИКАЦИЙ
Индекс Ш6(2=Р)75я44
700 #1 - ИМЯ ЛИЦА - ПЕРВИЧНАЯ ОТВЕТСТВЕННОСТЬ
Код отношения Автор
Начальный элемент ввода Жигулин
Часть имени, кроме начального элемента ввода А. В.
Даты 1930-2000
Расширение инициалов личного имени Анатолий Владимирович
Системный номер авторитетной/нормативной записи 64766
Идентификатор авторитетной/нормативной записи RU\NLR\AUTH\7781838
801 #0 - ИСТОЧНИК ЗАПИСИ
Страна Российская Федерация
Организация NLR
Дата составления 20031222
Правила каталогизации PSBO
801 #1 - ИСТОЧНИК ЗАПИСИ
Страна Российская Федерация
Организация NLR
Дата составления 20031222
942 ## - ДОПОЛНИТЕЛЬНЫЕ ЭЛЕМЕНТЫ ЗАПИСИ (АБИС)
Тип экземпляра АБИС Книга
980 ## - КОЛЛЕКЦИЯ
Название коллекции Национальная библиография
Экземпляры
Тип экземпляра Дата поступления Источник поступления Стоимость Библиотека постоянного хранения Библиотека текущего хранения Место хранения Шифр хранения Штрих-код Статус экземпляра
Книга 22.12.2003 Покупка 80.00 РНБ (Московский) РНБ (Московский) Русский книжный фонд: издания с 1957 года 2003-3/30189 610466  
Книга 26.03.2004 Покупка   РНБ (Московский) РНБ (Московский) Русский книжный фонд: издания с 1957 года 2003-3/30189 660225  
Книга 09.04.2004 Дар   РНБ (Московский) РНБ (Московский) Обменный фонд   669095